Об одном классе пар n-поверхностей в (n+2)-мерном проективном пространстве; Известия Томского политехнического университета [Известия ТПУ]; Т. 311, № 2 : Математика и механика. Физика

Podrobná bibliografie
Parent link:Известия Томского политехнического университета [Известия ТПУ]/ Томский политехнический университет (ТПУ).— , 2000-
Т. 311, № 2 : Математика и механика. Физика.— 2007.— [С. 5-9]
Hlavní autor: Лучинин А. А. Анатолий Алексеевич
Shrnutí:Заглавие с титульного листа
Электронная версия печатной публикации
Изучаются две n-мерные поверхности в (n+2)-мерном проективном пространстве, между точками которых установлено точечное соответствие. Рассматриваются некоторые геометрические образы, связанные с парой поверхностей. Рассмотрение всюду имеет локальный характер. Все используемые функции предполагаются аналитическими.
Jazyk:ruština
Vydáno: 2007
Edice:Математика и механика. Физика
Témata:
On-line přístup:http://www.lib.tpu.ru/fulltext/v/Bulletin_TPU/2007/v311/i2/01.pdf
Médium: Elektronický zdroj Kapitola
KOHA link:https://koha.lib.tpu.ru/cgi-bin/koha/opac-detail.pl?biblionumber=172409

MARC

LEADER 00000nla2a2200000 4500
001 172409
005 20231031164258.0
035 |a (RuTPU)RU\TPU\book\186974 
035 |a RU\TPU\book\186948 
090 |a 172409 
100 |a 20091213d2007 k y0rusy50 ca 
101 0 |a rus 
102 |a RU 
135 |a drnn ---uucaa 
181 0 |a i  
182 0 |a b 
200 1 |a Об одном классе пар n-поверхностей в (n+2)-мерном проективном пространстве  |b Электронный ресурс  |f А. А. Лучинин 
203 |a Текст  |c электронный 
215 |a 1 файл (348 Кб) 
225 1 |a Математика и механика. Физика 
230 |a Электронные текстовые данные (1 файл : 348 Кб) 
300 |a Заглавие с титульного листа 
300 |a Электронная версия печатной публикации 
320 |a [Библиогр.: с. 9 (5 назв.)] 
330 |a Изучаются две n-мерные поверхности в (n+2)-мерном проективном пространстве, между точками которых установлено точечное соответствие. Рассматриваются некоторые геометрические образы, связанные с парой поверхностей. Рассмотрение всюду имеет локальный характер. Все используемые функции предполагаются аналитическими. 
337 |a Adobe Reader 
461 1 |0 (RuTPU)RU\TPU\book\176237  |t Известия Томского политехнического университета [Известия ТПУ]  |f Томский политехнический университет (ТПУ)  |d 2000- 
463 1 |0 (RuTPU)RU\TPU\book\186973  |x 1684-8519  |t Т. 311, № 2 : Математика и механика. Физика  |v [С. 5-9]  |d 2007  |p 170 с. 
610 1 |a классы 
610 1 |a мерные пространства 
610 1 |a проективные пространства 
610 1 |a поверхности 
610 1 |a точки 
610 1 |a точечное соответствие 
610 1 |a геометрические образы 
610 1 |a аналитические функции 
610 1 |a труды учёных ТПУ 
610 1 |a электронный ресурс 
700 1 |a Лучинин  |b А. А.  |c российский математик  |c доцент Томского политехнического университета, кандидат физико-математических наук  |f 1934-  |g Анатолий Алексеевич  |2 stltpush  |3 (RuTPU)RU\TPU\pers\25580 
801 1 |a RU  |b 63413507  |c 20090623  |g PSBO 
801 2 |a RU  |b 63413507  |c 20211115  |g PSBO 
856 4 |u http://www.lib.tpu.ru/fulltext/v/Bulletin_TPU/2007/v311/i2/01.pdf 
942 |c CF